Logo BPK

Biblioteka

Politechniki Koszalińskiej

Miejscowa utrata stateczności środnika metalowych elementów pełnościennych / (Rekord nr 20377)

Szczegóły MARC
000 -ETYKIETA REKORDU
podpole kontrolne o stałej długości 00370nam a2200133 i 4500
001 - NUMER KONTROLNY REKORDU
pole kontrolne bg
040 ## - ŹRÓDŁO KATALOGOWANIA
Instytucja, która utworzyła rekord BPK
041 ## - KOD JĘZYKA
Kod języka tekstu pol
008 - POLE O STAŁEJ DŁUGOŚCI - DANE KONTROLNE
podpole kontrolne o stałej długości s pl f |000 0 pol
100 1# - NAZWA OSOBOWA
Nazwa osobowa WIŚNIEWSKI, Leszek
245 #0 - TYTUŁ/ODPOWIEDZIALNOŚĆ
Tytuł Miejscowa utrata stateczności środnika metalowych elementów pełnościennych /
Pozostałe elementy strefy tytułu i oznaczenia odpowiedzialności Leszek Wiśniewski.
260 ## - STREFA ADRESU WYDAWNICZEGO
Miejsce wydania Wrocław,
Data publikacji, dystrybucji/powstania dokumentu 1982.
856 ## - LOKALIZACJA I DOSTĘP DO ELEKTRONICZNYCH DOKUMENTÓW ZDALNYCH
Link (URL) http://koha.tu.koszalin.pl/cgi-bin/koha/opac-detail.pl?biblionumber=20377
Tekst linku Katalog online BPK
942 ## - DODATKOWE ELEMENTY (KOHA)
Typ dokumentu Książka
Egzemplarze
Wycofany Status egzemplarza Uszkodzony Dostępność Lokalizacja stała Lokalizacja bieżąca Miejsce przechowywania Sygnatura Kod kreskowy Typ dokumentu
      Dostępny Biblioteka Politechniki Koszalińskiej Biblioteka Politechniki Koszalińskiej Wypożyczalnia BG 28731 01659733 Książka
© 2023 Biblioteka Politechniki Koszalińskiej :: KOHA